[Event "FIN-ch op"]
[Site "Naan"]
[Date "1997.??.??"]
[Round "?"]
[White "Luukkonen, Tommi"]
[Black "Fieandt, John"]
[Result "1-0"]
[WhiteElo "2200"]
[BlackElo "2205"]

1.e4 c5 2.Nf3 Nc6 3.Nc3 a6 4.d4 cxd4 5.Nxd4 e6 6.Be2 Qc7 7.O-O Nxd4 8.Qxd4 Ne7
9.f4 Nf5 10.Qd3 Nd4 11.Bh5 Bc5 12.Kh1 b5 13.Be3 Qa7 14.b4 Bb6 15.f5 g6 16.Bg4 Bb7
17.Rad1 e5 18.Nd5 Bxd5 19.exd5 h5 20.fxg6 hxg4 21.gxf7+ Ke7 22.Qg6 Nf3 23.d6+ Kf8
24.Bh6+ Rxh6 25.Qg8+  1-0

[Event "MCC-ch"]
[Site "New York"]
[Date "1997.??.??"]
[Round "4"]
[White "Ashley, Maurice"]
[Black "Stripunsky, Alexander"]
[Result "1/2-1/2"]
[WhiteElo "2465"]
[BlackElo "2455"]

1.e4 c5 2.Nf3 Nc6 3.Nc3 e5 4.Bc4 d6 5.d3 h6 6.Nd2 Nf6 7.Nf1 a6 8.a4 g6 9.Ne3 Bg7
10.O-O O-O 11.Bd2 Kh7 12.Rb1 Rb8 13.Kh1 Nh5 14.Ned5 Nd4 15.b4 Qh4 16.Be1 Qg5
17.bxc5 dxc5 18.Nb6 Nf4 19.Rg1 h5 20.Nxc8 Rfxc8 21.Bxf7 b5 22.axb5 axb5 23.Ra1 b4
24.Nd5 Rb7 25.Nxf4 exf4 26.Bd5 Rd7 27.Ra6 Rf8 28.f3 Rxd5 29.exd5 Nf5 30.Ra7 Kh6
31.g3 Bd4 32.Bd2 Qd8 33.Re1 Ne3 34.Qe2 c4 35.Rb7 Qxd5 36.Rxb4 Re8 37.dxc4 Nxc4
38.Qd3 Re3 39.Rxe3 fxe3 40.Bxe3+ Nxe3 41.Qe4 Qxe4 42.fxe4 Bc5 43.Ra4 Kg7
44.Ra6 Be7 45.Rc6 Kf7 46.h3 Nf1 47.Kg2 Nd2 48.e5 Ne4 49.Ra6 g5 50.Rc6 h4
51.gxh4 gxh4 52.Kf3 Ng5+ 53.Kg4 Ne6 54.c3 Ng7 55.Rh6  1/2-1/2

[Event "Nigran"]
[Site "Nigran"]
[Date "1997.??.??"]
[Round "4"]
[White "Garcia Castro, Pablo"]
[Black "Paramos Dominguez, Roberto"]
[Result "1-0"]
[WhiteElo "2160"]
[BlackElo "2405"]

1.e4 c5 2.Nc3 Nc6 3.Nge2 e6 4.g3 Nf6 5.Bg2 d6 6.O-O Be7 7.h3 O-O 8.d3 Rb8
9.a4 a6 10.Be3 b5 11.axb5 axb5 12.g4 b4 13.Na4 Nd7 14.f4 Bb7 15.f5 Re8 16.Qd2 Nce5
17.b3 Bf8 18.Rf2 d5 19.exd5 Bxd5 20.Raf1 Bxg2 21.Rxg2 Qc7 22.Nf4 Qc6 23.Qf2 Rbc8
24.Nh5 Kh8 25.f6 gxf6 26.d4 cxd4 27.Bxd4 Qe4 28.Kh1 Be7 29.Nb6 Nxb6 30.Nxf6 Qc6
31.Nxe8 Rxe8 32.Bxe5+ Kg8 33.Qxf7+  1-0

[Event "Nigran"]
[Site "Nigran"]
[Date "1997.??.??"]
[Round "7"]
[White "Garcia Castro, Pablo"]
[Black "Servat, Roberto"]
[Result "0-1"]
[WhiteElo "2160"]
[BlackElo "2460"]

1.e4 c5 2.Nc3 Nc6 3.Nge2 d6 4.g3 e5 5.Nd5 Nge7 6.Nec3 Nxd5 7.Nxd5 g6 8.Bg2 Bg7
9.O-O O-O 10.d3 Ne7 11.Be3 Nxd5 12.exd5 f5 13.Qd2 f4 14.gxf4 Qh4 15.fxe5 Bxe5
16.f4 Bxb2 17.Rab1 Qf6 18.Be4 b6 19.f5 Bxf5 20.Bxf5 gxf5 21.Kh1 Bc3 22.Qg2+ Kh8
23.Bf4 Rae8 24.Rf3 Rg8 25.Rg3 Be5 26.Rg1 Rxg3 27.Qxg3 Bxf4 28.Qxf4 Qe5 29.Qf3 b5
30.Rg5 Rf8 31.Rg2 b4 32.Re2 Qd4 33.Re1 a5 34.h3 c4 35.dxc4 Qxc4 36.Re7 Qd4
37.Qh5 Qxd5+ 38.Kh2 Qg8 39.a3 bxa3 40.Qf3 Qc4 41.Qh5 Qxc2+ 42.Kh1 Qc1+ 43.Kh2 Qb2+
44.Kh1 Qb1+ 45.Kh2 Qa2+ 46.Kh1 Qg8 47.Qh6 Rf7 48.Qxd6 Rxe7 49.Qxe7 Qd5+ 50.Kh2 Kg8
51.Qe8+ Kg7 52.Qe7+ Kg6 53.Qe8+ Qf7 54.Qc6+ Qf6 55.Qe8+ Qf7 56.Qc6+ Qf6 57.Qe8+ Kg7
58.Qd7+ Kh6 59.Qd5 f4 60.Qc4 Qd6 61.Kh1 Qd1+ 62.Kh2 Qd2+ 63.Kh1 Qe1+ 64.Kg2 Qg3+
65.Kf1 Qxh3+ 66.Ke1 a2 67.Qxf4+ Kg6 68.Qd6+ Kg5 69.Qe7+ Kf4 70.Qd6+ Kf3 71.Qd3+ Kg2
72.Qe2+ Kg1 73.Qf2+ Kh1 74.Qd4 a1=Q+ 75.Qxa1 Qe3+  0-1

[Event "Nigran"]
[Site "Nigran"]
[Date "1997.??.??"]
[Round "8"]
[White "Reinaldo Castineira, Roi"]
[Black "Garcia Melgar, Juan Pablo"]
[Result "0-1"]
[WhiteElo "2265"]
[BlackElo "2215"]

1.e4 c5 2.Nc3 Nc6 3.Nge2 Nf6 4.d4 cxd4 5.Nxd4 e5 6.Ndb5 d6 7.Bg5 a6 8.Na3 Be6
9.Nc4 Rc8 10.Bxf6 Qxf6 11.Nb6 Rb8 12.Ncd5 Qd8 13.c3 Be7 14.a4 O-O 15.Bc4 Bg5
16.O-O Kh8 17.Kh1 Bh6 18.Qe2 g6 19.Rad1 f5 20.exf5 Bxf5 21.b4 Bg7 22.a5 Qh4
23.Qe1 Rbd8 24.Ne3 e4 25.Nbd5 Qh6 26.Nxf5 gxf5 27.f4 exf3 28.Rxf3 Ne5 29.Rh3 Qg5
30.Be2 Ng4 31.Bxg4 fxg4 32.Qh4 Qg6 33.Re3 Be5 34.Ree1 Rd7 35.Kg1 Rdf7 36.c4 Qg7
37.Re4 Bd4+ 38.Ne3 Bxe3+ 39.Rxe3 Qd4 40.Qe1 Rf1+  0-1

[Event "JUG-chT"]
[Site "Niksic"]
[Date "1997.??.??"]
[Round "2"]
[White "Marjanovic, Miroslav"]
[Black "Ilincic, Zlatko"]
[Result "1-0"]
[WhiteElo "2110"]
[BlackElo "2545"]

1.e4 c5 2.Nc3 Nc6 3.Nge2 g6 4.d4 cxd4 5.Nxd4 Bg7 6.Be3 d6 7.Qd2 Nf6 8.f3 O-O
9.O-O-O d5 10.Kb1 Nxd4 11.e5 Nd7 12.Bxd4 Nxe5 13.Qe3 Nc6 14.Bxg7 Kxg7 15.Nxd5 e6
16.Nc3 Qa5 17.Bb5 Ne7 18.Qe5+ f6 19.Qc5 Rf7 20.Rd3 Ng8 21.Ne4 a6 22.Nd6 b6
23.Qd4 axb5 24.Ra3 Qxa3 25.bxa3 Rd7 26.Qe4 Ra4 27.Qxe6  1-0

[Event "JUG-ch52"]
[Site "Niksic"]
[Date "1997.??.??"]
[Round "2"]
[White "Marinkovic, Ivan"]
[Black "Damljanovic, Branko"]
[Result "1/2-1/2"]
[WhiteElo "2495"]
[BlackElo "2540"]

1.e4 c5 2.Nf3 Nc6 3.Nc3 g6 4.d4 cxd4 5.Nxd4 Bg7 6.Be3 d6 7.Bc4 Nf6 8.h3 O-O
9.Bb3 Bd7 10.O-O a5 11.a4 Nxd4 12.Bxd4 Bc6 13.Qd3 Nd7 14.Bxg7 Kxg7 15.Qd4+ f6
16.Rfd1 Nc5 17.Bc4 Rc8 18.Be2 Qe8 19.f4 Rd8 20.f5 e5 21.fxe6 Qxe6 22.Bc4 Qe5
23.Bd5 Rfe8 24.Rd2 Qg5 25.Rf2 Bxd5 26.Qxd5 Qxd5 27.exd5 Re5 28.Rd1 f5 29.Rd4 Re3
30.Kh2 h5 31.g4 hxg4 32.hxg4 Rh8+ 33.Kg2 Rh4 34.Rff4 Rxg4+ 35.Rxg4 fxg4 36.Rxg4 Kf6
37.Kf2 Re5 38.Rf4+ Ke7 39.Rh4 Rh5 40.Rg4 Kf6 41.Rg2 Rh4 42.Ke3 g5 43.Nb5 Re4+
44.Kf3 Rxa4 45.Nxd6 Rd4 46.Ne8+ Kf5 47.Ng7+ Kg6 48.Ne6 Nxe6 49.dxe6 Rf4+
50.Kg3 Re4 51.Rd2 Rxe6 52.Rd5 b6 53.Rb5 Kh5 54.c4 a4 55.c5 bxc5 56.Rxc5 Rb6
57.Rc2 Rb3+ 58.Kg2 g4 59.Rc5+ Kh4 60.Rc2 Rb4 61.Kh2 Kg5 62.Rf2 Re4 63.Kg3 Re3+
64.Kg2 Rb3 65.Kg1 Rf3 66.Rc2 Rf4 67.Rc5+ Kh4 68.Kg2 Rb4 69.Rc2 Kg5 70.Rf2 Rf4
71.Rc2 Kf5 72.Kg3 Rb4 73.Re2 Re4 74.Rc2 Re3+ 75.Kf2 Rb3 76.Re2 Kf4 77.Kg2 Rb4
78.Kf2 Rc4  1/2-1/2

[Event "JUG-chT"]
[Site "Niksic"]
[Date "1997.??.??"]
[Round "3"]
[White "Istratescu, Andrei"]
[Black "Komarov, Dimitri"]
[Result "1/2-1/2"]
[WhiteElo "2550"]
[BlackElo "2600"]

1.e4 c5 2.Nf3 Nc6 3.Nc3 e5 4.Bc4 Be7 5.d3 d6 6.Nd2 Nf6 7.Nf1 Bg4 8.f3 Be6
9.Ne3 O-O 10.O-O Rb8 11.a4 Nb4 12.Qe2  1/2-1/2

[Event "JUG-chT"]
[Site "Niksic"]
[Date "1997.??.??"]
[Round "11"]
[White "Djuric, Stefan"]
[Black "Matulovic, Milan"]
[Result "1/2-1/2"]
[WhiteElo "2545"]
[BlackElo "2445"]

1.e4 c5 2.Nf3 Nc6 3.Nc3 e6 4.g3 d6 5.d4 cxd4 6.Nxd4 Nf6 7.Bg2 Bd7 8.O-O Be7
9.Re1 O-O 10.Nxc6 Bxc6 11.a4 Qc7 12.Nb5 Qb8 13.Nd4 d5 14.Bf4 Qd8 15.e5 Ne8
16.h4 Qd7 17.c3 Rc8 18.Bg5 Nc7 19.Bh3 Bxg5 20.hxg5 Qe7 21.Qd2 Bd7 22.Bf1 f5
23.exf6 gxf6 24.Nf5 Qd8 25.Nh6+ Kh8 26.Ng4 Ne8 27.gxf6 Nxf6 28.Ne5 Be8 29.Qd4 a6
30.Bh3 Rc7 31.Bxe6 Rg7 32.Rad1 Bh5 33.Rd3 Qe8 34.Bxd5 Nxd5 35.Qxd5 Qxa4 36.Nd7 Bf7
37.Qd6 Rd8 38.Qe7 Re8 39.Qxe8+ Bxe8 40.Rxe8+ Rg8 41.Re7 Rg7 42.Re8+ Rg8 43.Re7 Rg7
44.Re1 Rg8  1/2-1/2

[Event "Coca Cola op"]
[Site "Olanesti"]
[Date "1997.??.??"]
[Round "9"]
[White "Ghinda, Mihail Viorel"]
[Black "Bondoc, Dan Vladimir"]
[Result "1-0"]
[WhiteElo "2455"]
[BlackElo "2295"]

1.e4 c5 2.Nf3 Nc6 3.Nc3 g6 4.d4 cxd4 5.Nxd4 Bg7 6.Be3 Nf6 7.Bc4 O-O 8.Bb3 d6
9.h3 Bd7 10.O-O Rc8 11.Re1 a6 12.Nd5 Ne5 13.Bg5 e6 14.Nxf6+ Bxf6 15.Bxf6 Qxf6
16.c3 Rfd8 17.Qe2 Rc5 18.Rad1 b5 19.Qe3 Nc4 20.Bxc4 Rxc4 21.Nb3 Bc6 22.Qb6 Ba8
23.Qxa6 Rxe4 24.Rxe4 Bxe4 25.Qxb5 e5 26.Qe2 Ba8 27.c4 Qg5 28.f3 Qf4 29.c5  1-0

[Event "After GP Mladi"]
[Site "Olomouc"]
[Date "1997.??.??"]
[Round "5"]
[White "Movsesian, Sergei"]
[Black "Balinov, Ilija"]
[Result "1/2-1/2"]
[WhiteElo "2555"]
[BlackElo "2560"]

1.e4 c5 2.Nc3 Nc6 3.Nf3 d6 4.d4 cxd4 5.Nxd4 Nf6 6.f4 e5 7.Nf3 Be7 8.Bd3 exf4
9.Bxf4 Qb6 10.Qd2 O-O 11.O-O-O Be6 12.Kb1 Nb4 13.a3 Nxd3 14.Qxd3 Rac8 15.Qd4 Rxc3
16.Qxb6 axb6 17.bxc3 Nxe4 18.Rde1 Nxc3+ 19.Kc1 d5 20.Kb2 Na4+ 21.Kb3 Nc5+
22.Kb2 Na4+ 23.Kb3 Nc5+ 24.Kb2 Na4+  1/2-1/2

[Event "After GP Mladi"]
[Site "Olomouc"]
[Date "1997.??.??"]
[Round "7"]
[White "Berzinsh, Roland"]
[Black "Babula, Vlastimil"]
[Result "1/2-1/2"]
[WhiteElo "2440"]
[BlackElo "2545"]

1.e4 c5 2.Nc3 Nc6 3.Nge2 d6 4.g3 e5 5.Nd5 Bg4 6.Bg2 Nd4 7.Ndc3 Qd7 8.h3 Be6
9.d3 Ne7 10.f4 g6 11.Nxd4 cxd4 12.Ne2 Bg7 13.c3 dxc3 14.bxc3 O-O 15.d4 exd4
16.cxd4 Bc4 17.Be3 Rfe8 18.Bf2 Nf5 19.g4 Bxe2 20.Kxe2 Qb5+ 21.Kf3 Rxe4 22.gxf5 Qxf5
23.Qd2 Bh6 24.Bg3 Qd5 25.Kf2 Rxd4 26.Qe2 Qc5 27.Kf1 Qc3 28.Qe1 Qc4+ 29.Kg1 Rd3
30.Rd1 Rxd1 31.Qxd1 Bxf4 32.Bd5 Qc5+ 33.Kg2 Bxg3 34.Kxg3 Qe3+ 35.Qf3 Qe5+
36.Kg2 Qg5+ 37.Kh2 Qd2+ 38.Kg3 Qg5+ 39.Kh2 Qd2+ 40.Kg3 Qg5+  1/2-1/2

[Event "After GP Mladi"]
[Site "Olomouc"]
[Date "1997.??.??"]
[Round "9"]
[White "Berzinsh, Roland"]
[Black "Balinov, Ilija"]
[Result "1/2-1/2"]
[WhiteElo "2440"]
[BlackElo "2560"]

1.e4 c5 2.Nc3 Nc6 3.Nge2 Nf6 4.d4 cxd4 5.Nxd4 e5 6.Ndb5 d6 7.Bg5 a6 8.Na3 b5
9.Nd5 Be7 10.Bxf6 Bxf6 11.c3 O-O 12.Nc2 Bg5 13.a4 bxa4 14.Rxa4 a5 15.Bc4 Rb8
16.b3 Kh8 17.O-O g6 18.Qd3 f5 19.Rd1 Bh6 20.b4 fxe4 21.Qxe4 Bf5 22.Qe2 Bxc2
23.Qxc2 axb4 24.Nxb4 Nxb4 25.cxb4 Qb6 26.Ra6 Qxb4 27.Be6 Rb6 28.Ra7 Qb2 29.Ra2 Qxc2
30.Rxc2 Rfb8 31.g3 Rb1 32.Rxb1 Rxb1+ 33.Kg2 Bc1 34.Ba2 Ra1 35.Rc8+ Kg7 36.Rc7+ Kf8
37.Bd5 Ra5 38.Be6 Rc5 39.Rxh7 d5 40.h4 d4 41.Rf7+ Ke8 42.Rg7 Rc2 43.Bf7+ Kf8
44.Bxg6 Rxf2+ 45.Kxf2 Kxg7 46.Be4  1/2-1/2

[Event "RUS-chT"]
[Site "Orel"]
[Date "1997.??.??"]
[Round "?"]
[White "Vershinin, Mikhail"]
[Black "Kalugin, Sergei"]
[Result "1/2-1/2"]
[WhiteElo "2405"]
[BlackElo "2255"]

1.e4 c5 2.Nc3 Nc6 3.Nge2 Nf6 4.g3 g6 5.d4 cxd4 6.Nxd4 Bg7 7.Bg2 O-O 8.Nde2 d6
9.O-O Bd7 10.h3 Rc8 11.Nf4 Ne5 12.Nfd5 Nxd5 13.Nxd5 e6 14.Ne3 Qb6 15.Rb1 Qa6
16.Bd2 Rfd8 17.Bc3 b5 18.Bd4 f6 19.a3 Qa4 20.b3 Qa6 21.Bb2 f5 22.f4 Qb6 23.Re1 Nf7
24.Bxg7 Kxg7 25.Kh2 fxe4 26.Bxe4 Nh6 27.Qc1 Qd4 28.Qb2 Qxb2 29.Rxb2 Bc6 30.Bxc6  1/2-1/2

[Event "Ozery op1 Seniors"]
[Site "Ozery"]
[Date "1997.??.??"]
[Round "6"]
[White "Semasev, Kim"]
[Black "Sanakoev, Grigory"]
[Result "0-1"]
[WhiteElo "2285"]
[BlackElo "2270"]

1.e4 c5 2.Nf3 Nc6 3.Nc3 d6 4.d4 cxd4 5.Nxd4 Nf6 6.Bc4 e6 7.Bb3 Be7 8.O-O O-O
9.Kh1 Bd7 10.f4 Nxd4 11.Qxd4 Bc6 12.f5 e5 13.Qd3 h6 14.Be3 b5 15.Bd5 Bxd5
16.Nxd5 Nxd5 17.Qxd5 Qc7 18.Bxh6 Bf6 19.Be3 Qxc2 20.Rf2 Qa4 21.g4 Bh4 22.b3 Qa5
23.Rf3 Rac8 24.g5 Qc3 25.Raf1 Qc2 26.g6 Qe2 27.gxf7+ Rxf7 28.R3f2 Bxf2 29.Rxf2 Rc1+
30.Bxc1 Qxf2 31.Qd1 Rd7  0-1

[Event "RUS-Cup4"]
[Site "Perm"]
[Date "1997.??.??"]
[Round "3"]
[White "Balashov, Yuri S"]
[Black "Ikonnikov, D."]
[Result "1-0"]
[WhiteElo "2510"]
[BlackElo "2435"]

1.e4 c5 2.Nc3 Nc6 3.Nf3 e5 4.Bc4 Be7 5.d3 Nf6 6.Nd2 d6 7.Nf1 a6 8.a4 Bg4
9.f3 Be6 10.Ne3 Nb4 11.Qe2 O-O 12.O-O Re8 13.b3 Bf8 14.Bb2 Nh5 15.g3 g6 16.Ncd5 Nc6
17.f4 exf4 18.gxf4 Nd4 19.Qg2 Bg7 20.c3 Bxd5 21.Nxd5 Nc6 22.f5 Ne5 23.Bc1 Nxc4
24.bxc4 Re5 25.Bg5 Qa5 26.Qf3 Rxd5 27.exd5 Qxc3 28.Rae1 Bd4+ 29.Kh1 f6 30.Bh6 Be5
31.Rg1 Kh8 32.Re2 Rg8 33.Reg2 Bd4 34.Qxh5 Bxg1 35.fxg6 hxg6 36.Bg7+  1-0

[Event "Pinar del Rio"]
[Site "Pinar del Rio"]
[Date "1997.??.??"]
[Round "4"]
[White "Gonzalez, Roberto"]
[Black "Camacho Penate, G."]
[Result "1/2-1/2"]
[WhiteElo "2385"]
[BlackElo "2305"]

1.e4 c5 2.Nf3 Nc6 3.Nc3 g6 4.d4 cxd4 5.Nxd4 Bg7 6.Be3 d6 7.f3 Nf6 8.g4 O-O
9.Qd2 Nxd4 10.Bxd4 Be6 11.O-O-O Qa5 12.a3 Rab8 13.h4 Rfc8 14.h5 b5 15.hxg6 fxg6
16.g5 b4 17.Nb5 Ne8 18.Bxg7 Nxg7 19.Qxb4 Qb6 20.Qd4 Rc5 21.a4 a6 22.Na3 Bf7
23.Nc4 Qb4 24.b3 Ne6 25.Qe3 Nxg5 26.f4 Nxe4 27.Qxe4 d5 28.Qxe7 Rxc4 29.Qxb4 Rcxb4
30.Bxa6 Rxf4 31.Bb5 Rf6 32.Rd4 h5 33.Rg1 Kg7 34.Bd3 Kh6 35.b4 g5 36.b5 Ra8
37.Kb2 g4 38.Ka3 Kg5 39.Kb4 Be6 40.Be2 Rf4 41.Rxf4 Kxf4 42.Rh1 Rh8 43.a5 h4
44.a6 d4 45.b6 Bd5 46.Rf1+ Kg5 47.Rg1 g3 48.Kc5 Rd8 49.b7 Be4 50.Bd3 Bf3
51.Kb6 Kf4 52.Bf1 Ke3 53.Bh3 Rg8 54.Bc8 Rg6+ 55.Kc5 Rc6+ 56.Kb4 Rb6+ 57.Ka5 Rb2
58.a7 Rxb7 59.a8=Q Rb5+ 60.Kxb5 Bxa8 61.Bh3 Kf2 62.Rf1+ Ke3  1/2-1/2

[Event "Plzen KB opJ-B"]
[Site "Plzen"]
[Date "1997.??.??"]
[Round "3"]
[White "Kafka, Ladislav"]
[Black "Kovar, Vojtech"]
[Result "0-1"]
[WhiteElo "1750"]
[BlackElo "1865"]

1.e4 c5 2.Nc3 Nc6 3.Nf3 d6 4.d4 cxd4 5.Nxd4 e5 6.Nb3 Nf6 7.Be2 Be7 8.f4 exf4
9.Bxf4 O-O 10.O-O Ne5 11.Qe1 Be6 12.Rd1 Qb6+ 13.Kh1 Neg4 14.Bd3 Ne5 15.Nd5 Bxd5
16.exd5 Nfd7 17.Bf5 Bf6 18.Qg3 Rfe8 19.Bxd7 Nxd7 20.Bxd6 Bxb2 21.Qf4 Bf6
22.Bc7 Qe3 23.Qg4 Ne5 24.Qb4 Qe2 25.Qxb7 Ng4 26.Bg3 Ne3 27.Rg1 Nxd1 28.d6 Be5
29.d7 Bxg3 30.dxe8=Q+ Rxe8  0-1

[Event "Plzen KB opJ-A"]
[Site "Plzen"]
[Date "1997.??.??"]
[Round "4"]
[White "Bratanov, Zsivko"]
[Black "Neuman, Petr"]
[Result "1/2-1/2"]
[WhiteElo "2355"]
[BlackElo "2385"]

1.e4 c5 2.Nc3 Nc6 3.Bb5 Nd4 4.Bc4 a6 5.Nge2 e6 6.Nxd4 cxd4 7.Ne2 b5 8.Bb3 Bc5
9.O-O Ne7 10.Ng3 O-O 11.Qh5 Qb6 12.d3 Bb7 13.f4 g6 14.Qe2 f5 15.Kh1 Rf7 16.Bd2 Bc6
17.Rae1 Raf8  1/2-1/2

[Event "Polanica Zdroj op"]
[Site "Polanica Zdroj"]
[Date "1997.??.??"]
[Round "1"]
[White "Shevchenko, Sergey"]
[Black "Agamaliev, Gamil"]
[Result "0-1"]
[WhiteElo "2240"]
[BlackElo "2480"]

1.e4 c5 2.Nf3 Nc6 3.Nc3 Nf6 4.e5 Ng4 5.Qe2 d6 6.exd6 Qxd6 7.Ne4 Qc7 8.b3 Nb4
9.d3 Ne5 10.Nxe5 Qxe5 11.Rb1 b6 12.g3 Bb7 13.Bg2 O-O-O 14.Bf4 Qe6 15.O-O h6
16.Qh5 f5 17.a3 g6 18.Qh4 Nxc2 19.Rfc1 Nd4 20.Nxc5 Ne2+  0-1

[Event "Polanica Zdroj op"]
[Site "Polanica Zdroj"]
[Date "1997.??.??"]
[Round "3"]
[White "Purtov, Andrei"]
[Black "Bakalarz, Mieczyslaw"]
[Result "1-0"]
[WhiteElo "2455"]
[BlackElo "2265"]

1.e4 c5 2.Nc3 Nc6 3.Nge2 g6 4.d4 cxd4 5.Nxd4 Bg7 6.Be3 Nf6 7.Bc4 O-O 8.Bb3 d6
9.h3 Qa5 10.O-O Qh5 11.Nde2 b5 12.f3 b4 13.Nd5 Nxd5 14.Bxd5 Bb7 15.Nf4 Qh4
16.Nd3 Bh6 17.Bxh6 Qxh6 18.Bxc6 Bxc6 19.Nxb4 Bb7 20.Qd4 Rfc8 21.c4 Qf4 22.b3 a5
23.Nd3 Qg3 24.Rac1 a4 25.b4 a3 26.Rc3 Qg5 27.Nf2 f5 28.f4 Qf6 29.Qxf6 exf6
30.exf5 gxf5 31.Rd1 Ra4 32.Rxd6 Rxb4 33.Rxf6 Rbxc4 34.Rg3+ Kh8 35.Rxf5 Rc1+
36.Kh2 R1c2 37.Ng4 Rg8 38.Ra5 Rxa2 39.Rgxa3 Rxa3 40.Rxa3 Rf8 41.Ra7 Be4 42.Re7 Bg6
43.Kg3 Bd3 44.Ne5 Bf1 45.Nd7 Rg8+ 46.Kf2 Bd3 47.Ne5 Bb1 48.g4 Rb8 49.Kg3 Rb4
50.f5 Rb6 51.Nd7 Rb7 52.Re8+ Kg7 53.f6+ Kh6 54.f7  1-0

[Event "Polanica Zdroj op"]
[Site "Polanica Zdroj"]
[Date "1997.??.??"]
[Round "7"]
[White "Purtov, Andrei"]
[Black "Agamaliev, Gamil"]
[Result "1-0"]
[WhiteElo "2455"]
[BlackElo "2480"]

1.e4 c5 2.Nf3 Nc6 3.Nc3 Nf6 4.g3 d5 5.exd5 Nxd5 6.Bg2 g6 7.O-O Nxc3 8.dxc3 Bd7
9.Ng5 h6 10.Ne4 b6 11.Qe2 Bg7 12.Rd1 Qc7 13.Bf4 e5 14.Nd6+ Kf8 15.Bxe5 Nxe5
16.Bxa8 Kg8 17.Nc4 Bb5 18.Bd5 Kh7 19.f4 Nc6 20.a4 Ba6 21.Qf3 Ne7 22.Ne3 Nxd5
23.Nxd5 Qc6 24.Rd2 Re8 25.Kf2 Bc8 26.a5 b5 27.Re1 Rxe1 28.Kxe1 b4 29.Kf2 bxc3
30.Nxc3 Qc7 31.Nd5 Qxa5 32.c3 h5 33.Ne3 Bd4 34.Qc6 Be6 35.Ke2 Bxe3 36.Kxe3 Qa1
37.Kf2 Qc1 38.Qd6 Bh3 39.Qd3 Qh1 40.Ke3 Qg1+ 41.Rf2 Be6 42.Qf1  1-0

[Event "ESP-chT"]
[Site "Ponferrada"]
[Date "1997.??.??"]
[Round "6"]
[White "Romero Holmes, Alfonso"]
[Black "Estremera Panos, Sergio"]
[Result "1-0"]
[WhiteElo "2465"]
[BlackElo "2430"]

1.e4 c5 2.Nc3 Nc6 3.Nf3 d6 4.d4 cxd4 5.Nxd4 Nf6 6.h3 g6 7.Be3 Bg7 8.Bc4 O-O
9.Bb3 Bd7 10.O-O Nxd4 11.Bxd4 Bc6 12.Qd3 Qa5 13.f4 Nd7 14.Bxg7 Kxg7 15.Kh1 Qc5
16.Rae1 a5 17.Bd5 Rad8 18.f5 Ne5 19.Qd2 Bb5 20.Rf4 g5 21.Rf2 f6 22.h4 h6
23.Bxb7 Rb8 24.Bd5 Bd7 25.Nd1 Be8 26.b3 Bh5 27.Ne3 a4 28.Rb1 Rfc8 29.Be6 Rc7
30.c4 axb3 31.axb3 Rcb7 32.Qc3 Qa3 33.Rfb2 gxh4 34.Nd5 Qc5 35.Nf4 Bg4 36.Bd5 Qb4
37.Qd4 Rb6 38.Ne6+ Kh7 39.Nf4 h3 40.gxh3 Bf3+ 41.Kh2 Qa5 42.Qe3 Rb4 43.Nd3 Nxd3
44.Qxd3 Bh5 45.Rg2 Qd8 46.Rg8 Qc7 47.Qg3 e6 48.Rg1  1-0

[Event "POL-ch sf"]
[Site "Poraj "]
[Date "1997.??.??"]
[Round "4"]
[White "Hnydiuk, Aleksander"]
[Black "Szczechowicz, Bartosz"]
[Result "1-0"]
[WhiteElo "2360"]
[BlackElo "2240"]

1.e4 c5 2.Nc3 Nc6 3.Bb5 Nd4 4.Bc4 g6 5.Nf3 Bg7 6.O-O e6 7.Nxd4 cxd4 8.Nb5 Qb6
9.c3 e5 10.cxd4 a6 11.Nc3 exd4 12.Nd5 Qc5 13.d3 Nf6 14.b4 Qc6 15.Bf4 d6 16.Rc1 Nxd5
17.exd5 Qd7 18.Re1+ Kf8 19.Qe2 Bf6 20.Qf3 Kg7 21.Bh6+ Kxh6 22.Qxf6 Re8 23.Kf1 b5
24.Rxe8 Qxe8 25.Re1 Qd7 26.Re4  1-0

[Event "POL-ch sf"]
[Site "Poraj "]
[Date "1997.??.??"]
[Round "9"]
[White "Grabarczyk, Bogdan"]
[Black "Czerwonski, Aleksander"]
[Result "1/2-1/2"]
[WhiteElo "2460"]
[BlackElo "2405"]

1.e4 c5 2.Nf3 Nc6 3.Nc3 e5 4.Bc4 d6 5.d3 Be7 6.Nd2 Nf6 7.Nf1 O-O 8.Ne3 a6
9.a4 Be6 10.O-O Nb4 11.Qf3 Qd7 12.h3 Rad8 13.Ncd5 Bxd5 14.Bxd5  1/2-1/2

[Event "SVK-ch"]
[Site "Presov"]
[Date "1997.??.??"]
[Round "7"]
[White "Moravcik, Rastislav"]
[Black "Maros, Milan"]
[Result "0-1"]
[WhiteElo "2080"]
[BlackElo "2240"]

1.e4 c5 2.Nf3 Nc6 3.Nc3 e5 4.d3 g6 5.g3 Bg7 6.Bg2 Nge7 7.O-O O-O 8.Be3 Nd4
9.Ne2 d5 10.c3 Nxf3+ 11.Bxf3 d4 12.cxd4 cxd4 13.Bd2 Be6 14.Qa4 a6 15.Rac1 Nc6
16.Bg2 Qd7 17.a3 Rfc8 18.f4 f6 19.Rf2 Ne7 20.Qxd7 Bxd7 21.Rff1 Bb5 22.Bh3 f5
23.Bb4 Bxd3 24.Bxe7 Bxe2 25.exf5 Bxf1 26.Rxf1 gxf5 27.fxe5 Re8 28.Bf6 d3
29.Rd1 Bxf6 30.exf6 Rad8 31.Bxf5 d2 32.Kf2 Rd6 33.g4 h6 34.h4 Kf7 35.g5 hxg5
36.hxg5 Re5 37.g6+ Kxf6 38.Bc2 Rc5 39.g7 Kxg7 40.Rg1+ Kf8 41.Bd1 Rf5+ 42.Ke2 Re5+  0-1

[Event "Quebec op"]
[Site "Quebec"]
[Date "1997.??.??"]
[Round "7"]
[White "Castaneda, Nelson"]
[Black "Goldenberg, Danny"]
[Result "1/2-1/2"]
[WhiteElo "2310"]
[BlackElo "2310"]

1.e4 c5 2.Nf3 Nc6 3.Nc3 e5 4.Bc4 Be7 5.d3 d6 6.h3 Nf6 7.O-O O-O 8.Be3 Be6
9.Ng5 Qd7 10.f4 exf4 11.Bxf4 h6 12.Nxe6 fxe6 13.a3 d5 14.exd5 exd5 15.Ba2 Kh8
16.Qd2 Bd6 17.Rae1 Bxf4 18.Rxf4 Nd4 19.Qf2 Ne6 20.Rf5 Nd4 21.Rf4 Ne6 22.Rf5 Nd4
23.Rf4  1/2-1/2

[Event "Robecchetto op"]
[Site "Robecchetto"]
[Date "1997.??.??"]
[Round "4"]
[White "Sgnaolin, Davide"]
[Black "Malano, Francesco"]
[Result "1/2-1/2"]
[WhiteElo "2065"]
[BlackElo "2070"]

1.e4 c5 2.Nf3 Nc6 3.Nc3 g6 4.d4 cxd4 5.Nxd4 Bg7 6.Nde2 Nf6 7.g3 d6 8.Bg2 Bd7
9.O-O O-O 10.Nf4 Ne5 11.Ncd5 Bc6 12.Rb1 a5 13.h3 Nfd7 14.b3 Nc5 15.a4 e6
16.Nc3 Ned7 17.Bb2 Bxc3 18.Bxc3 Bxe4 19.f3 Bc6 20.Qxd6 Qg5 21.Kh2 Rfd8 22.Nd3 Nxd3
23.Qxd3 Nb6 24.Qe2 Nd5 25.Bd2 Qf6 26.Qc4 Rac8 27.Rbd1 Be8 28.Qe4 b6 29.Rf2 Bc6
30.Qe2 Bb7 31.c4 Nc3 32.Bxc3 Qxc3 33.Rxd8+ Rxd8 34.Qb2 Rd3 35.Qxc3 Rxc3 36.Rb2 Bxf3
37.Bxf3 Rxf3 38.b4 Rc3 39.c5 bxc5 40.b5 Rd3 41.Kg2 Kf8 42.Kf2 Ke7 43.b6 Rd8
44.Ke3 Rb8 45.Kd3 Kd6 46.Kc4 Kc6 47.Rb5 Rb7 48.Rxa5 Kxb6 49.Rb5+ Ka6 50.Rxc5 Rb1
51.Re5 Rg1 52.Re3 Ka5 53.Rf3 f5 54.Re3 Rc1+ 55.Kb3 Rb1+ 56.Kc4 Rb4+ 57.Kc5 Rxa4
58.Rxe6 Ra3 59.Re7 Rc3+ 60.Kd4 Rxg3 61.Rxh7 Kb5 62.Ke5 Kc4 63.h4 Rg4 64.h5 f4
65.hxg6 f3 66.Rf7  1/2-1/2

[Event "WchT U26"]
[Site "Roque Saenz Pena"]
[Date "1997.??.??"]
[Round "5"]
[White "Muniz, Rafael"]
[Black "Fraschini, Mariano"]
[Result "0-1"]
[WhiteElo "2090"]
[BlackElo "2345"]

1.e4 c5 2.Nf3 Nc6 3.Nc3 e5 4.Bb5 d6 5.Bxc6+ bxc6 6.O-O Bg4 7.h3 Bh5 8.Qe2 Be7
9.a3 a5 10.d3 Nf6 11.Bg5 Nd7 12.Bxe7 Qxe7 13.Qe3 Rb8 14.Rab1 Bxf3 15.Qxf3 Nf8
16.Ne2 Ne6 17.c3 O-O 18.Qe3 Rb3 19.Nc1 Rb7 20.Na2 Rfb8 21.b4 cxb4 22.axb4 c5
23.Qd2 Nf4 24.Kh2 Qg5 25.Rg1 Nxh3 26.Qxg5 Nxg5 27.Rb3 Ne6 28.Rgb1 axb4 29.cxb4 h6
30.R3b2 Nd4 31.Kg1 Rb5 32.Kf1 Nc6 33.Ke2 cxb4  0-1

[Event "Saint Affrique op"]
[Site "Saint Affrique"]
[Date "1997.??.??"]
[Round "2"]
[White "Shchekachev, Andrei"]
[Black "Diaz, Maria MA"]
[Result "1-0"]
[WhiteElo "2510"]
[BlackElo "2080"]

1.e4 c5 2.Nf3 Nc6 3.Nc3 g6 4.d4 cxd4 5.Nxd4 Bg7 6.Be3 Nf6 7.Be2 O-O 8.Qd2 d5
9.Nxc6 bxc6 10.O-O-O Rb8 11.e5 Nd7 12.f4 e6 13.Na4 f6 14.f5 exf5 15.e6 Ne5
16.Nc5 Qe7 17.c4 Rd8 18.cxd5 cxd5 19.Kb1 Bxe6 20.Nxe6 Qxe6 21.Bxa7 Rb7 22.Bc5 d4
23.Qa5 Rdb8 24.Ka1 Nc6 25.Qa6 Kh8 26.Rhe1 Qe4 27.Qc4 Qxg2 28.Bd6 Rd8 29.Ba3 f4
30.Rf1 Ne5 31.Rxd4 Rdb8 32.Qa6 f3 33.Qxb7 Rxb7 34.Rd8+ Bf8 35.Bxf8 Rd7 36.Rd1 Rxd1+
37.Rxd1  1-0

[Event "Saint Affrique op"]
[Site "Saint Affrique"]
[Date "1997.??.??"]
[Round "7"]
[White "Shchekachev, Andrei"]
[Black "Magerramov, Elmar"]
[Result "1-0"]
[WhiteElo "2510"]
[BlackElo "2565"]

1.e4 c5 2.Nc3 Nc6 3.Nf3 d6 4.d4 cxd4 5.Nxd4 Nf6 6.Bg5 e6 7.Qd2 a6 8.O-O-O h6
9.Nxc6 bxc6 10.Bf4 d5 11.Qe3 Qa5 12.a3 Bb7 13.Be2 O-O-O 14.exd5 cxd5 15.Qa7 Bd6
16.Bxd6 Rxd6 17.Nb5 Rc6 18.Nd4 Rc7 19.Nb3 Qa4 20.Kb1 Nd7 21.Rd4 Qc6 22.Rb4 Qxc2+
23.Ka2 Qxe2 24.Rc1 Bc6 25.Rxc6 Rxc6 26.Nd4  1-0

[Event "Santa Flavia op"]
[Site "Santa Flavia"]
[Date "1997.??.??"]
[Round "?"]
[White "Xheladini, Mahmut"]
[Black "Passerotti, Pierluigi"]
[Result "0-1"]
[WhiteElo "2295"]
[BlackElo "2300"]

1.e4 c5 2.Nf3 Nc6 3.Nc3 e6 4.Bc4 Nf6 5.Qe2 d6 6.O-O Be7 7.a4 O-O 8.Ba2 Bd7
9.d3 Qb6 10.Nd2 Nd4 11.Qd1 Bc6 12.Re1 Qc7 13.Nf1 Rad8 14.f4 d5 15.e5 Ne8
16.Bb1 g6 17.Qg4 Ng7 18.Be3 Ngf5 19.Bf2 h5 20.Qd1 Kg7 21.h3 h4 22.Nh2 Qa5
23.Rf1 b5 24.Ng4 Rd7 25.Nf6 Rb7 26.Qg4 Rh8 27.Ra2 b4 28.Ne2 Nh6 29.Qxh4 Nxe2+
30.Kh2 b3 31.cxb3 Nd4 32.Be1 Qd8 33.g4 Rxb3 34.Bc3 Qb8 35.Bxd4 cxd4 36.Qf2 a5
37.Rc1 Ba8 38.Kg1 Ng8 39.g5 Rxh3 40.Kg2 Rh8 41.Rh1 Rxh1 42.Kxh1 Nxf6 43.gxf6+ Bxf6
44.exf6+ Kxf6 45.Bc2 Rb4 46.Qh4+ Kg7 47.b3 Qh8 48.Qxh8+ Kxh8 49.Bd1 Kg7 50.Kg2 Bb7
51.Kf3 Kf6 52.Rh2 Ba6 53.Ke2 Rb8 54.Rh7 Rc8 55.Kd2 Rc7 56.Rh8 Bc8 57.Bg4 Rc3
58.Bd1 Kf5 59.Rh7 Rc7 60.Rh4 Ba6 61.Bg4+ Kf6 62.Bd1 Rc3 63.Bc2 Kf5 64.Rh7 Rc7
65.Rh4 f6 66.Bd1 Rc3 67.Bg4+ Kxf4 68.Bxe6+ Ke5  0-1